Normal view
MARC view
Entry Topical Term
001 - CONTROL NUMBER
- control field: 3316
003 - CONTROL NUMBER IDENTIFIER
- control field: BD-RjUL
005 - DATE AND TIME OF LATEST TRANSACTION
- control field: 20220530154135.0
008 - FIXED-LENGTH DATA ELEMENTS
- fixed length control field: 220530|| aca||aabn | a|a d
040 ## - CATALOGING SOURCE
- Original cataloging agency: BD-RjUL
- Transcribing agency: BD-RjUL
150 ## - HEADING--TOPICAL TERM
- Topical term or geographic name entry element: Commercial law
670 ## - SOURCE DATA FOUND
- Source citation: Work cat.: (BD-RjUL)79884: Singh, Avtar 3315, Business law :, 2018